01448agaaa2200265 45000010005000000030009000050050017000140070009000310080040000400400023000800410013001031000051001161300063001672450263002302500022004932600092005153000033006075080155006405200164007955380016009595460013009756500072009887000059010607000063011198027IT-RoPAU20220918181228.0d cvaizq50131s9999||||xx ||| | || ||und|| aIT-RoPAUcIT-RoPAU aITALIANO aGiacomelli BarbaragCodice regista SPICS: 6109 aTUTTO A TUTTI-CORTOMETRAGGIO PER LA PROMOZIONE VOCAZIONALE aTUTTO A TUTTI-CORTOMETRAGGIO PER LA PROMOZIONE VOCAZIONALEcSceneggiatura: Ruffini Micaela Giacomelli Barbara Kolnorekaj Gjon -- Diretto da: Giacomelli BarbarapTUTTO A TUTTI-CORTOMETRAGGIO PER LA PROMOZIONE VOCAZIONALE (Rif. Codice opera principale : 38027) aEdizione Standard aROMA (ITALIA)bEDIZIONI PAOLINE FSP / g"1985 (1° ed.: 1985 ; Ed. Lingua Orig.: 1985)" aVHSbsonoro, col.c24 minuti a"Fotografia: Spalletta Alberto; Montaggio: Ena Alberto; Musica: Cipriani Stelvio; Sceneggiatura: Ruffini Micaela Giacomelli Barbara Kolnorekaj Gjon; " aPROGRESSO TECNOLOGICO VIDEOGIOCHI TRASFORMAZIONE CHE IL PROGRESSO TECNOLOGICO HA OPERATO SULL'UOMO E SUL MODO DI AFFRONTARE LA VITA INFLUENZA DELLA TELEVISIONE aPAL, STEREO aITALIANO aRELIGIOSOeTV-PROGRAMMI RELIGIOSI [VHS]xCodice MATERIA SPICS: 9963 aCipriani Stelvioe(musica)gCodice Musica SPICS: 10828 aGiacomelli Barbara e(regista)gCodice regista SPICS: 6109